000
002410000a22000970004500
100
1
_a
Caballero, Antonio (1945- )
245
1
0
_a
Totalitarismo democrático
300
_a
Vol. 17, Núm 17 (1993), Páginas 82
773
0
_t
Cambio 16
942
_c
ANA
999
_c
58374
_d
58374